Global Crisis Recession and Uneven Recovery (Record no. 113801)

MARC details
000 -LEADER
fixed length control field 00390nam a2200121Ia 4500
008 - FIXED-LENGTH DATA ELEMENTS--GENERAL INFORMATION
fixed length control field 211119s9999||||xx |||||||||||||| ||und||
082 ## - DEWEY DECIMAL CLASSIFICATION NUMBER
Classification number 363.73874
Item number RED-I
100 ## - MAIN ENTRY--PERSONAL NAME
Personal name Reddy, Y V
245 #0 - TITLE STATEMENT
Title Global Crisis Recession and Uneven Recovery
260 ## - PUBLICATION, DISTRIBUTION, ETC.
Name of publisher, distributor, etc. Orient Blackswan
Place of publication, distribution, etc. 2011
Date of publication, distribution, etc. New Delhi
650 ## - SUBJECT ADDED ENTRY--TOPICAL TERM
Topical term or geographic name entry element Social Science
942 ## - ADDED ENTRY ELEMENTS (KOHA)
Koha item type BOOK
650 ## - SUBJECT ADDED ENTRY--TOPICAL TERM
Form subdivision Other social problems & servicesEconomics
General subdivision General Stack
Holdings
Withdrawn status Lost status Damaged status Not for loan Home library Current library Date acquired Cost, normal purchase price Total Checkouts Full call number Barcode Shelving location Date last seen Price effective from Koha item type
        SB LIBRARY SB LIBRARY 19/11/2021 595.00   363.73874 RED-I 00127259 GENERAL STACK 19/11/2021 19/11/2021 BOOK

Powered by Koha